International law / (Record no. 10941)
[ view plain ]
| 000 -LEADER | |
|---|---|
| fixed length control field | 00583cam a22002052 4500 |
| 001 - CONTROL NUMBER | |
| control field | 0000007484 |
| 005 - DATE AND TIME OF LATEST TRANSACTION | |
| control field | 20151217154402.0 |
| 008 - FIXED-LENGTH DATA ELEMENTS--GENERAL INFORMATION | |
| fixed length control field | 080207s xx 000 0 eng d |
| 020 ## - INTERNATIONAL STANDARD BOOK NUMBER | |
| International Standard Book Number | 042188410x : |
| Terms of availability | KES |
| 040 ## - CATALOGING SOURCE | |
| Original cataloging agency | KABU |
| Transcribing agency | KABU |
| 100 1# - MAIN ENTRY--PERSONAL NAME | |
| Personal name | Wallace, Rebecca M. M. |
| -- | 0000158695 |
| 245 10 - TITLE STATEMENT | |
| Title | International law / |
| Statement of responsibility, etc. | Rebecca M. M. Wallace. |
| 250 ## - EDITION STATEMENT | |
| Edition statement | 5th ed. |
| 260 ## - PUBLICATION, DISTRIBUTION, ETC. (IMPRINT) | |
| Place of publication, distribution, etc. | London : |
| Name of publisher, distributor, etc. | Sweet & Maxwell, |
| Date of publication, distribution, etc. | 2005. |
| 300 ## - PHYSICAL DESCRIPTION | |
| Extent | xxxix, 370 p. |
| 650 #0 - SUBJECT ADDED ENTRY--TOPICAL TERM | |
| Topical term or geographic name as entry element | International law. |
| -- | 0000158696 |
| 908 ## - PUT COMMAND PARAMETER (RLIN) | |
| Put command parameter | 080207 |
| 950 ## - LOCAL HOLDINGS (RLIN) | |
| -- | 1 |
| Withdrawn status | Lost status | Source of classification or shelving scheme | Not for loan | Home library | Current library | Date acquired | Total Checkouts | Total Renewals | Full call number | Barcode | Date last seen | Date last checked out | Price effective from | Koha item type |
|---|---|---|---|---|---|---|---|---|---|---|---|---|---|---|
| Library of Congress Classification | Kabarak, Main Campus | Kabarak, Main Campus | 17/12/2015 | 16 | 2 | JX3295 .W35 | 012063 | 27/10/2025 | 27/10/2025 | 17/12/2015 | General Collection |